00957cam a2200253 a 450000100100000000500170001000800410002702000150006804000180008308200190010110000280012024500860014826000290023430000210026349000180028450400330030260000560033565000570039165000590044883000250050791000340053295201220056699900150068800000751920200929154210.0970115s1994 sp b 001 p spa  a8479620633 aDO-SdBNPcDLC aCu863.44bK88H1 aHeredia, Aida L.92087813aLa poesía de José Kozer :bde la recta a las cajas chinas /cAida L. Heredia. aMadrid :bVerbum,c1994. a144 p. ;c20 cm.1 aVerbum ensayo aBibliografías: p. 141-144.10aKOZER, JOSÉ,xCRÍTICA E INTERPRETACIÓN920879 4aPoesía cubanaxCrítica e interpretación919776 4aLiteratura cubanaxCrítica e interpretación919777 0aVerbum ensayo920880 aCatalogación por copia / LC 001052708MOaGRbGRcCTd2009-09-08iLF1l0oCu863.44 K88Hp7519-10r2020-06-25w2020-06-25y2ZPréstamo interno c7300d7300